Handbook of general microbiology (Record no. 756183)

MARC details
000 -LEADER
fixed length control field 00320 a2200133 4500
020 ## - INTERNATIONAL STANDARD BOOK NUMBER
ISBN 9789383101399
084 ## - OTHER CLASSIFICATION NUMBER
Source of Number CC
Classification number G91
100 ## - MAIN ENTRY--AUTHOR NAME
Personal name NEELAM TYAGI
245 ## - TITLE STATEMENT
Title Handbook of general microbiology
260 ## - PUBLICATION, DISTRIBUTION, ETC. (IMPRINT)
Name of publisher Agrotech press,
Year of publication 2025,
Place of publication New Delhi
300 ## - PHYSICAL DESCRIPTION
Number of Pages 254p.
942 ## - ADDED ENTRY ELEMENTS (KOHA)
Koha item type Book
Source of classification or shelving scheme Colon Classification
Holdings
Withdrawn status Lost status Source of classification or shelving scheme Damaged status Not for loan Home Library Current Location Shelving location Date acquired Source of acquisition Cost, normal purchase price Full call number Accession Number Cost, replacement price Price effective from Koha item type
    Colon Classification     Kerala University Library Kerala University Library General Stacks 21/02/2026 2 1462.50 G91 R5 326175 1950.00 21/02/2026 General